| 000 | 00790cam a2200265 a 4500 | ||
|---|---|---|---|
| 999 |
_c3715 _d3715 |
||
| 001 | 1620 | ||
| 003 | BD-DhUAP | ||
| 005 | 20200311114832.0 | ||
| 008 | 200311s1995 maua 001 0 eng | ||
| 020 | _a039568479X | ||
| 020 | _a0395684803 | ||
| 040 |
_aDLC _cDLC _dBD-DhUAP _bEng |
||
| 082 | 0 | 0 |
_a808.042 BAR _223 |
| 100 | 1 | _aBarnwell, William Hazzard. | |
| 245 | 1 | 4 |
_aThe resourceful writer : _ba basic writing course / _cWilliam H. Barnwell and Robert Dees. |
| 250 | _a3rd ed. | ||
| 260 |
_aBoston : _bHoughton Mifflin Co., _cc1995. |
||
| 300 |
_axix, 579 pages : _billustrations ; _c24 cm. |
||
| 500 | _aIncludes index. | ||
| 650 | 0 |
_aEnglish language _xRhetoric. |
|
| 650 | 0 |
_aEnglish language _xGrammar. |
|
| 650 | 0 | _aReport writing. | |
| 700 | 1 | _aDees, Robert. | |
| 942 |
_2ddc _cBK |
||